000 00825nam a2200277 a 4500
001 55987
003 BD-RjUL
005 20211209080335.0
008 161124s1998 ii p|||| |||| 001 0 eng d
020 _a8176490326
035 _a(BD-RjUL)56111
040 _aBD-RjUL
_beng
_dBD-RjUL
_cBD-RjUL
041 _aeng
082 _223
_a629.8
_bCHA 1998
100 _a Chesmond, C. J.
_9166657
245 _aAdvanced control system technology /
_cC. J. Chesmond; P A Wilson; M. R. Le Pla.
250 _aStudent ed.
260 _aNew Delhi :
_bViva Boooks Private Lts. ,
_cc 1998
300 _a391 p. :
_bill. ;
_c21 cm.
500 _aIncludes index
650 _aAutomatic control.
_9166658
650 _aControl systems.
_9158074
700 _a Wilson, P. A.
_9166659
700 _a Le Pla, M .R.
_9166660
942 _2ddc
_cBK
999 _c55987
_d55987